Year Book of the Muslim World (Record no. 5984)

MARC details
000 -LEADER
fixed length control field 00631nam a2200241 a 4500
020 ## - INTERNATIONAL STANDARD BOOK NUMBER
ISBN 8186420002
082 00 - DEWEY DECIMAL CLASSIFICATION NUMBER
Classification number 305.6297
Author Cutter JAW
100 ## - MAIN ENTRY--AUTHOR NAME
Author name Jawed, Mohammad Nasir
245 ## - TITLE STATEMENT
Title Year Book of the Muslim World
Sub title A Handy Encyclopedia
260 ## - PUBLICATION, DISTRIBUTION, ETC. (IMPRINT)
Place of publication Delhi
Name of publisher Medialine Publccation
Year of publication 1996
300 ## - PHYSICAL DESCRIPTION
Number of Pages 779p
500 ## - GENERAL NOTE
General note includes index and biblioraphy
650 ## - SUBJECT ADDED ENTRY--TOPICAL TERM
Topical Term Muslims
650 ## - SUBJECT ADDED ENTRY--TOPICAL TERM
Topical Term Year Book 1996
942 ## - ADDED ENTRY ELEMENTS (KOHA)
Koha item type Books
700 1# -
-- Jawed, Mohammad Nasir
Holdings
Collection code Home library Current library Date acquired Cost, normal purchase price Full call number Accession Number Koha item type
  Henry Martyn Institute Library Henry Martyn Institute Library 04/05/2007 400.00 305.6297 JAW 06543 Books
                   Copyright © 2026 | Henry Martyn Institute | Hyderabad | TS-500052 | INDIA | Implemented by hmi.edu.in
Hit-Count:

Powered by Koha